000 03061nam a22003017a 4500
005 20170419154933.0
008 130419s1621||||sp |||fr|||||001|0|lat d
040 _aCo-BoUCM
_bspa
_cSandra Yazo (modificó)
_dSandra Yazo (modificó)
041 0 _alat
082 0 4 _a348.946
_220
092 _aE06N051
100 1 _aMieres, Tomàs
_941055
_c1400-1474
242 0 0 _aRecopilación de las Disposiciones de las Cortes Generales de Cataluña ... Primera [-Segunda] Parte
_cpor Tomás Mieres ... ; depurada de innumerables errores que antes la afectaban, enriquecida con sumarios por Onofre Miguel Puigferrer ; con un índice muy completo.
_yspa
245 1 0 _aApparatus super Constitutionibus Curiarum Generalium Cathaloniae ... Pars Prima [-Secunda]
_cper Thomam Mieres ... ; ab innumeris, quibus antea scatebat, mendis repurgata ; et à ... Onophrio Michaele Puigferrer ... Summariis Adornata. Cum indice locupletissimo ...
260 _aBarcinonae [Barcelona] (España)
_bTypis, & aere Sebastiani à Cormellas [En la imprenta y fundición de Sebastián de Cormellas]
_c1621
300 _a2 tomos en un volumen ([6], 411, [55] ; 556, [64] páginas)
_c30 x 21 cm.
500 _aDetalles físicos: Encuadernación flexible en pergamino. Tapas con pergamino arrugado y manchado y la posterior incompleta. Ejemplar desencuadernado. Conserva parcialmente las guardas. Portada impresa en una sola tinta con un grabado (escudo de Cataluña) con una anotación manuscrita de Fray Cristóbal de Torres. Incluye una segunda portada. Privilegio (en catalán). Dedicatoria. Censura. Prólogo. Texto impreso en dos columnas con varios tipos y tamaños de letra. Sumarios al inicio de cada capítulo. Párrafos numerados. Signaturas y reclamos. Mayúsculas capitales. Cenefas y remates. Colofón al final del texto. Al final varias hojas con roturas y dobleces en esquinas
500 _aPerteneció a la biblioteca de Fray Cristóbal de Torres
505 0 _aDisposiciones de las Cortes Catalanas: Parte I – II: Jaime I en las Cortes de Barcelona ; Pedro II en las Cortes de Barcelona ; Alfonso II en las Cortes de Monzón ; Jaime II en las Cortes de Barcelona ; Jaime II en las Cortes de Lérida ; Jaime II en las Cortes de Gerona ; Pedro III en las Cortes de Perpiñán ; Pedro III en las Cortes de Cervera -- Pedro III en las Cortes de Monzón ; La reina consorte Leonor y las Cortes de Tortosa ; El Rey Martín en las Cortes de Barcelona ; El rey Fernando en las Cortes de Barcelona ; La Reina María en las Cortes de Barcelona
506 _aConsulta en sala
546 _aTexto en latín
650 7 _aDerecho civil
_zCataluña
_xObras anteriores a 1800
_912711
650 7 _aAdministración pública
_zCataluña
_xObras anteriores a 1800
_9355
653 _aAmbos derechos
690 _aDerecho civil
_912711
856 _uhttp://books.google.com.co/books?id=3YWXXb1WXNsC&printsec=frontcover&dq=Apparatus+super+constitutionibus+Curiarum&hl=es&sa=X&ei=a2rpUZy2Guji4AO3t4DwDg&ved=0CDEQ6AEwAQ
_zDisponible en línea
942 _cLIBRO
_e1
_a8
_2LOCAL
_hE06N051
999 _c71226
_d71226